El día que pietra terrosa se rodó / (Registro nro. 6633)

Detalles MARC
000 -CABECERA
Campo de control 01098nam a2200265 a 4500
005 - FECHA Y HORA DE LA ULTIMA TRANSACCION
Campo de control 20160215125957.0
008 - ELEMENTOS DE LONGITUD FIJA—INFORMACION GENERAL
Campo de control 030514s2005 ck jr 00 1j spa d
020 ## - ISBN
ISBN 9588168260
040 ## - FUENTE DE CATALOGACIÓN
Agencia catalogadora original CO-BoBLA
Agencia transcriptora CO-BoBLA
Agencia Modificadora CO-BoIAVH
041 0# - IDIOMA
Código de idioma para texto/pista de sonido o título separado Español
044 ## - PAÍS DE PUBLICACIÓN
País de publicación Colombia
090 ## - CLASIFICACIÓN LOCAL
Colección EA-
Consecutivo 390
245 03 - MENCION DE TITULO
Título El día que pietra terrosa se rodó /
Mención de responsabilidad [colaboradores Doris Suaza ... [et al.] ; ilustraciones Logo Sapiens, Luz Marina Camacho Turriago, Rubén Darío Rojas Olier].
260 3# - PUBLICACION, DISTRIBUCION, ETC. (PIE DE IMPRENTA)
Lugar de publicación, distribución, etc. [Bogotá? :
Nombre del editor, distribuidor, etc. Alcaldía Mayor de Bogotá :
-- Secretaria de Gobierno,
Fecha de publicación, distribución, etc. 2005].
300 ## - DESCRIPCION FISICA
Extensión 18 páginas :
Otros detalles físicos ilustraciones a color ;
Dimensiones 22 x 28 cm.
650 16 - ASIENTO SECUNDARIO DE MATERIA - TERMINO TEMATICO
Término temático o nombre geográfico como elemento de entrada Deslizamiento de tierras
Subdivisión de forma Libros infantiles.
9 (RLIN) 59995
650 16 - ASIENTO SECUNDARIO DE MATERIA - TERMINO TEMATICO
Término temático o nombre geográfico como elemento de entrada Desastres naturales
Subdivisión de forma Libros infantiles.
9 (RLIN) 59996
650 #4 - ASIENTO SECUNDARIO DE MATERIA - TERMINO TEMATICO
Término temático o nombre geográfico como elemento de entrada Cuentos infantiles colombianos.
9 (RLIN) 59997
650 16 - ASIENTO SECUNDARIO DE MATERIA - TERMINO TEMATICO
Término temático o nombre geográfico como elemento de entrada Prevención de desastres.
9 (RLIN) 59998
700 12 - ASIENTO SECUNDARIO - NOMBRE PERSONAL
Nombre personal Suaza, Doris.
9 (RLIN) 59999
700 12 - ASIENTO SECUNDARIO - NOMBRE PERSONAL
Nombre personal Camacho Turriago, Luz Marina,
Término de relación ilustrador
9 (RLIN) 59982
700 12 - ASIENTO SECUNDARIO - NOMBRE PERSONAL
Nombre personal Rojas Olier, Rubén Darío,
Término de relación ilustrador
9 (RLIN) 59983
710 22 - ASIENTO SECUNDARIO - NOMBRE CORPORATIVO
Nombre corporativo o de jurisdicción como elemento de entrada Logo Sapiens,
Término de relación ilustrador
9 (RLIN) 29357
942 ## - ELEMENTOS ADICIONALES (KOHA)
Sistema de clasificación Dewey Decimal Classification
Tipo de ítem Libro
Existencias
Withdrawn status Lost status Sistema de Clasificación Damaged status No para préstamo Colección Inventariado Ubicación Permanente Ubicación actual Fecha de adquisición Total Checkouts Número topográfico Inventario / Código de Barras Date last seen Ejemplar Price effective from Forma de adquisición Tipo de material
    Dewey Decimal Classification     Educación Ambiental Inventariado 2017 Sala Fabio Quevedo Sala Fabio Quevedo 10/10/2008   EA-390 026450 04/12/2012 Ej.1 04/12/2012   Folleto